banner-ar

الولايات المتحدة الامريكية فى الالفية الثالثة : (Record no. 61988)

MARC details
000 -الفاتح
حقل البيانات ثابتة الطول 01150nam a22002417a 4500
005 - وقت وتاريخ اخر تعامل مع التسجيلة
رقم الضبط 20240530110526.0
008 - عناصر البيانات ثابتة الطول - معلومات عامة
حقل البيانات ثابتة الطول 160303s2013 ua g 000 0 ara d
020 ## - الرقم الدولى المعيارى للكتب
الرقم الدولى المعيارى للكتاب 9789773771565
040 ## - مصدر الفهرسة
وكالة الفهرسة الأصلية EG-CaGPL
082 04 - رقم تصنيف ديوى العشرى
رقم الطبعة 21
رقم التصنيف 973.931\
رقم المادة ك و
100 1# - المدخل الرئيسى - إسم شخصى
الإسم الشخصى كورنبلم ، جون سى
245 12 - بيان العنوان
العنوان الولايات المتحدة الامريكية فى الالفية الثالثة :
بقية العنوان قوة عظمى فى مفترق الطرق /
بيان المسئوليه,etc تاليف جون سى كورنبلم ، دايتر كرونزوكر ؛ ترجمة هبة سرى ، رانيا محمد خليف
250 ## - بيان الطبعة
بيان الطبعة ط1
260 ## - PUBLICATION, DISTRIBUTION, ETC. (IMPRINT)
تاريخ النشر أو التوزيع 2013 .
300 ## - الوصف المادى
التعداد 288 ص ؛
أبعاد الوعاء 24 سم .
651 04 - المدخل الاضافى بالموضوع - اسم جغرافى
الاسم الجغرافي الولايات المتحدة الامريكية
التقسيم الفرعي العام تاريخ
-- باراك اوباما
651 04 - المدخل الاضافى بالموضوع - اسم جغرافى
الاسم الجغرافي الولايات المتحدة الامريكية
التقسيم الفرعي العام الاحوال السياسية
700 1# - المدخل الاضافى - اسم شخصى
الإسم الشخصى كرونزوكر ، دايتر
الدور مؤلف مشارك
700 0# - المدخل الاضافى - اسم شخصى
الإسم الشخصى هبة سرى
الدور مترجم
700 0# - المدخل الاضافى - اسم شخصى
الإسم الشخصى رانيا محمد خليف
الدور مترجم
942 ## - عناصر المدخل الإضافي( كوها)
مصدر التصنيف او مخطط الترفيف Dewey Decimal Classification
Koha [default] item type كتاب
260 ## - PUBLICATION, DISTRIBUTION, ETC. (IMPRINT)
-- القاهرة :
-- مجموعة النيل العربية ،
Holdings
حالة التراجع حالة الفقد حالة تلف ليس للاعارة المكان المؤقت الموقع الحالى تاريخ الاكتساب اجمالي اﻻعارات رقم الطلب الباركود تاريخ اخر مشاهدة تاريخ تفعيل السعر نوع وعاء كوها
        مكتبة القاهرة الكبرى مكتبة القاهرة الكبرى 03/03/2016   973.931\ ك و 161458 03/03/2016 03/03/2016 كتاب

Powered By

EGPV